<?xml version="1.0" encoding="UTF-8"?><?xml-stylesheet type="text/xsl" href="static/style.xsl"?><OAI-PMH xmlns="http://www.openarchives.org/OAI/2.0/" xmlns:xsi="http://www.w3.org/2001/XMLSchema-instance" xsi:schemaLocation="http://www.openarchives.org/OAI/2.0/ http://www.openarchives.org/OAI/2.0/OAI-PMH.xsd"><responseDate>2026-04-13T06:37:58Z</responseDate><request verb="GetRecord" identifier="oai:www.recercat.cat:10459.1/467224" metadataPrefix="marc">https://recercat.cat/oai/request</request><GetRecord><record><header><identifier>oai:recercat.cat:10459.1/467224</identifier><datestamp>2025-09-15T18:25:51Z</datestamp><setSpec>com_2072_3622</setSpec><setSpec>col_2072_479130</setSpec></header><metadata><record xmlns="http://www.loc.gov/MARC21/slim" xmlns:dcterms="http://purl.org/dc/terms/" xmlns:xsi="http://www.w3.org/2001/XMLSchema-instance" xmlns:doc="http://www.lyncode.com/xoai" xsi:schemaLocation="http://www.loc.gov/MARC21/slim http://www.loc.gov/standards/marcxml/schema/MARC21slim.xsd">
   <leader>00925njm 22002777a 4500</leader>
   <datafield ind2=" " ind1=" " tag="042">
      <subfield code="a">dc</subfield>
   </datafield>
   <datafield ind2=" " ind1=" " tag="720">
      <subfield code="a">Llanes, Àngels</subfield>
      <subfield code="e">author</subfield>
   </datafield>
   <datafield ind2=" " ind1=" " tag="720">
      <subfield code="a">Cots Caimons, Josep Maria</subfield>
      <subfield code="e">author</subfield>
   </datafield>
   <datafield ind2=" " ind1=" " tag="260">
      <subfield code="c">2020-04-29</subfield>
   </datafield>
   <datafield ind2=" " ind1=" " tag="520">
      <subfield code="a">This study compares the language proficiency gains of two groups of students taking a business English course module in a bilingual university in Catalonia (Spain). Whereas one of these groups followed a ‘translanguaging’ or ‘plurilingual’ pedagogy, the other followed a strictly monolingual approach. Participants were 54 mostly Catalan/Spanish bilingual university students of Business (n = 35 translanguaging and n = 19 monolingual). Whereas the teacher in the ‘translanguaging group’ used and fostered the use of Catalan and Spanish besides English, the teacher in the ‘monolingual group’ only used English and allowed only English in class. Participants were administered a placement test, and performed a written composition and an oral sales pitch the first and last week of the semester. Participants were also administered a questionnaire before and after the treatment. The EFL development of the participants was measured in terms of fluency, lexical complexity, grammatical complexity and accuracy, but it was also assessed by an expert examiner, who based her ratings on a rubric including four scales: language, communicative achievement, content, and organisation. Results show that both groups experienced comparable gains, but the few significant differences favoured the translanguaging group.</subfield>
   </datafield>
   <datafield ind2=" " ind1=" " tag="520">
      <subfield code="a">This work was supported by Ministerio de Economía y Competividad: [Grant Number FFI2015-67769-P].</subfield>
   </datafield>
   <datafield tag="653" ind2=" " ind1=" ">
      <subfield code="a">Acquisition of English</subfield>
   </datafield>
   <datafield tag="653" ind2=" " ind1=" ">
      <subfield code="a">Third language use</subfield>
   </datafield>
   <datafield tag="653" ind2=" " ind1=" ">
      <subfield code="a">Second language teaching</subfield>
   </datafield>
   <datafield tag="653" ind2=" " ind1=" ">
      <subfield code="a">Plurilingualism</subfield>
   </datafield>
   <datafield tag="653" ind2=" " ind1=" ">
      <subfield code="a">Multilingualism</subfield>
   </datafield>
   <datafield ind2="0" ind1="0" tag="245">
      <subfield code="a">Measuring the impact of translanguaging in TESOL: a plurilingual approach to ESP</subfield>
   </datafield>
</record></metadata></record></GetRecord></OAI-PMH>